00838 a2200145 4500003000500000005001700005040000900022082001500031100001700046245007700063260004100140300001100181505047300192650002700665Nust20230301161151.0 cNust a327.73,DYE aDyer, Murray aThe weapon on the wall;brethinking psychological warfare /cMurray Dyer aBaltimorebJohns Hopkins Pressc1959 a269 p. aThe Role Of The Weapon (Page-1), The Nature Of Political Communication: The Premises (Page-22), The Nature Of Political Communication: The Operating Principles (Page-68), Wartime Difficulties And Problems (Page-98), An Instrument Of The Cold War (Page-117), The Tools And Requirement Of The Instrument (Page-140), The Requirements If The US Is To Develop The Instrument Effectively (Page-164), The Problems To Be Overcome (Page-194), Forging The Instrument (Page-223). aPsychological warfare.